Электротехнический справочник. Т. 3. Кн. 1 (Запись № 8950671)

Подробности
000 -МАРКЕР
контрольное поле 01300nam2a22002771 4500
001 - ИДЕНТИФИКАТОР ЗАПИСИ
контрольное поле rc\4922940
005 - ИДЕНТИФИКАТОР ВЕРСИИ
контрольное поле 20250613041609.0
021 ## - НОМЕР ГОСУДАРСТВЕННОЙ РЕГИСТРАЦИИ
Код страны Российская Федерация
Номер [66-101569]
035 ## - ДРУГИЕ СИСТЕМНЫЕ НОМЕРА
Идентификатор записи (NLR Aleph) 008941849
100 ## - ДАННЫЕ ОБЩЕЙ ОБРАБОТКИ
Данные общей обработки 20130426d1966 |||y0rusy50 ca
101 0# - ЯЗЫК РЕСУРСА
Язык текста, звукозаписи и т.д. русский
102 ## - СТРАНА ПУБЛИКАЦИИ ИЛИ ПРОИЗВОДСТВА
Страна публикации Российская Федерация
105 ## - ПОЛЕ КОДИРОВАННЫХ ДАННЫХ: ТЕКСТОВЫЕ МАТЕРИАЛЫ, МОНОГРАФИЧЕСКИЕ
Кодированные данные о монографическом текстовом документе a z |||||
200 0# - ЗАГЛАВИЕ И СВЕДЕНИЯ ОБ ОТВЕТСТВЕННОСТИ
Основное заглавие Т. 3. Кн. 1
Первые сведения об ответственности Гл. ред. М.Г. Чиликин
210 ## - ПУБЛИКАЦИЯ, РАСПРОСТРАНЕНИЕ И ДР.
Имя издателя, распространителя и т. д. Энергия
Дата издания, распространения и т.д. 1966
Место издания, распространения и т.д. Б. м.
215 ## - ФИЗИЧЕСКАЯ ХАРАКТЕРИСТИКА
Специфическое обозначение материала и объем 871 с.
Другие сведения о физической характеристике ил.
320 ## - ПРИМЕЧАНИЯ О НАЛИЧИИ В ДОКУМЕНТЕ БИБЛИОГРАФИИ / УКАЗАТЕЛЯ
Текст примечания Библиогр. в конце разделов
461 #0 - УРОВЕНЬ НАБОРА
Встроенное поле 001rc\4922937
-- 2001#$aЭлектротехнический справочник$e[В 3 т.]$fПод общ. ред. ... проф. М.Г. Чиликина (гл. ред.) и др.$vТ. 3. Кн. 1
Системный номер (АБИС) связанной записи 8950654
Место публикации Москва
Дата публикации 1962
Издание 3-е изд., перераб. и доп. Т. 1-
Первые сведения об ответственности Под общ. ред. ... проф. М.Г. Чиликина (гл. ред.) и др.
Имя издателя, распространителя и т.д. Госэнергоиздат
Сведения, относящиеся к заглавию [В 3 т.]
Заглавие Электротехнический справочник
Номер тома Т. 3. Кн. 1
702 #1 - ИМЯ ЛИЦА - ВТОРИЧНАЯ ОТВЕТСТВЕННОСТЬ
Код отношения Редактор
Графика поля Кириллица
Материалы, к которым относится поле rus
Начальный элемент ввода Чиликин
Часть имени, кроме начального элемента ввода М. Г.
Даты 1909-1977
Расширение инициалов личного имени Михаил Григорьевич
Системный номер авторитетной/нормативной записи 240682
Идентификатор авторитетной/нормативной записи RU\NLR\AUTH\770240738
801 #0 - ИСТОЧНИК ЗАПИСИ
Страна Российская Федерация
Организация NLR
Правила каталогизации psbo
801 #1 - ИСТОЧНИК ЗАПИСИ
Страна Российская Федерация
Организация ELAR
Источник данных rusmarc
852 ## - МЕСТОНАХОЖДЕНИЕ И ШИФР ХРАНЕНИЯ
Идентификатор организации NLR
Шифр хранения (Call Number) 62-7/3286
942 ## - ДОПОЛНИТЕЛЬНЫЕ ЭЛЕМЕНТЫ ЗАПИСИ (АБИС)
Тип экземпляра АБИС Книга
980 ## - КОЛЛЕКЦИЯ
Название коллекции Национальная библиография
Экземпляры
Тип экземпляра Дата поступления Библиотека постоянного хранения Библиотека текущего хранения Место хранения Шифр хранения Штрих-код Статус экземпляра
Книга 26.10.2013 РНБ (Московский) РНБ (Московский) Русский книжный фонд: издания с 1957 года 62-7/3286 8941849-10